000
00335cam a2200133ua 4500
041
_a
eng
_h
100
_a
Ganesan, V .
245
_a
Gas turbines /
_c
V. Ganesan.
_h
Textual Documents
260
_a
New Delhi :
_b
Tata Mc-Graw Hill Publishing Company ,
_c
2003.
300
_a
;
_e
`.
504
_a
942
_c
BK
999
_c
13015
_d
13015